| 000 | 01498cam a2200373 a 4500 | ||
|---|---|---|---|
| 001 | 15739339 | ||
| 003 | OSt | ||
| 005 | 20231123131544.0 | ||
| 008 | 090515s2011 caua 001 0 eng | ||
| 010 | _a 2009928764 | ||
| 020 | _a9780495391449 (hardcover) | ||
| 020 | _a0495391441 | ||
| 020 | _a0495391476 (pbk.) | ||
| 020 | _a9780495391470 (pbk.) | ||
| 035 | _a(OCoLC)ocn237881324 | ||
| 040 |
_aBTCTA _cBTCTA _dBAKER _dYDXCP _dNUI _dNTE _dSINIE _dDLC |
||
| 042 | _alccopycat | ||
| 050 | 0 | 0 |
_aQD251.3 _b.M365 2011 |
| 082 | 0 | 4 |
_a547 _bMCM/O |
| 100 |
_aMcmurry, John _94057 |
||
| 245 | 1 | 0 |
_aOrganic chemistry with biological applications / _cJohn McMurry. |
| 250 | _a2nd ed. | ||
| 260 |
_aBelmont, Calif. : _bBrooks/Cole Cengage Learning, _cc2011. |
||
| 300 |
_axxiii, 1044, 53, 30 p. : _bill. (some col.) ; _c27 cm. |
||
| 500 | _aIncludes index. | ||
| 650 | 0 |
_aChemistry, Organic _vTextbooks. |
|
| 650 | 0 | _aBiochemistry. | |
| 856 | 4 | 2 |
_3Contributor biographical information _uhttp://www.loc.gov/catdir/enhancements/fy1104/2009928764-b.html |
| 856 | 4 | 2 |
_3Publisher description _uhttp://www.loc.gov/catdir/enhancements/fy1104/2009928764-d.html |
| 856 | 4 | 1 |
_3Table of contents only _uhttp://www.loc.gov/catdir/enhancements/fy1104/2009928764-t.html |
| 906 |
_a7 _bcbc _ccopycat _d2 _eepcn _f20 _gy-gencatlg |
||
| 942 |
_2ddc _cBK _h547 _iMCM/O _k547 _mMCM/O |
||
| 999 |
_c41886 _d41886 |
||